000 01039 a2200253 4500
003 Nust
005 20221024124057.0
010 _a 94224965
020 _a1562762303 (pbk.) :
035 _a(OCoLC)30988555
040 _cNust
082 0 0 _a006.3,EDD
100 1 _aEddings, Joshua.
_9101227
245 1 0 _aHow virtual reality works /
_cJoshua Eddings ; illustrated by Pamela Drury Wattenmaker.
260 _aEmeryville, Calif. :
_bZiff-Davis Press,
_cc1994.
300 _axi, 155 p. :
_bcol. ill. ;
_c27 cm.
490 1 _aHow it works
505 _aWhat Is Virtual Reality (Page-1), Engaging The Senses (Page-14), Hardware And Software (Page-36), Degrees Of Experience (Page-60), Professional Applications (Page-82), Recreational Virtual Reality (Page-116), Current Developments And Future Trends (Page-134).
650 0 _aHuman-computer interaction.
650 0 _aVirtual reality.
700 1 _aWattenmaker, Pamela Drury.
_9101228
830 0 _aHow it works series (Emeryville, Calif.)
_9101229
942 _cREF
_2ddc
_k006.3,EDD
999 _c175365
_d175365